Dictionnaire francais-anglais de locutions et expressions verbales /

Uložené v:
Podrobná bibliografia
Hlavný autor: Dubois, Marguerite-Marie (Author)
Médium: Kniha
Jazyk:English
French
Vydané: Paris : Librairie Larousse, 1973.
ISBN: 203021101X(viaz.)
Fyzický popis: 386 s.
Tagy: Pridať tag
Žiadne tagy, Buďte prvý kto otaguje tento záznam!

MARC

LEADER 00000nam a22000007a 4500
001 000106363
005 20091118180404.0
008 070611 1973 fr eng d
020 |a 203021101X(viaz.) 
040 |a SVKKK  |b slo  |c SVKKK  |e AACR2 
041 0 |a eng  |a fre 
044 |a fr  |c FR 
100 1 |a Dubois, Marguerite-Marie  |4 aut 
245 0 0 |a Dictionnaire francais-anglais de locutions et expressions verbales /  |c Marguerite-Marie Dubois ... [et al.]. 
260 |a Paris :  |b Librairie Larousse,  |c 1973. 
300 |a 386 s. 
910 |a svkkk 
998 |a BK 
090 |g SCKHL  |k Sklad Pribinova 2. posch.  |a II.255716  |j 614064  |i 106363-10  |s Absenčne